[Event "Sremski Karlovci Zanos 5"]
[Site "Sremski Karlovci"]
[Date "2021.08.21"]
[Round "8.1"]
[White "Bulajic, Ratko"]
[Black "Sokic, Dragomir"]
[Result "1-0"]
[WhiteElo "2248"]
[BlackElo "2101"]
[PlyCount "47"]
[EventDate "2021.08.18"]
[EventType "tourn"]
[EventRounds "10"]
[EventCountry "SRB"]
[EventCategory "1"]
[SourceTitle "EXT 2023"]
[Source "ChessBase"]
[SourceDate "2022.10.05"]
[SourceVersion "1"]
[SourceVersionDate "2022.10.05"]
[SourceQuality "1"]

1. d4 g6 2. e4 Bg7 3. c4 d6 4. Nc3 Nf6 5. Nge2 0-0 6. h3 e5 7. d5 Na6 8. Be3 Qe7 9. g4 h5 10. f3 Re8 11. Qd2 Qf8 12. Bg5 hxg4 13. hxg4 Nh7 14. Bh6 Bxh6 15. Rxh6 g5 16. Rh5 f6 17. Ng3 Kg7 18. Qh2 Qg8 19. Be2 Nf8 20. Kf2 Ng6 21. Rh1 Nh4 22. Rxh4 gxh4 23. Qxh4 Qh7 24. Nh5+ 1-0

[Event "Sremski Karlovci Zanos 5"]
[Site "Sremski Karlovci"]
[Date "2021.08.19"]
[Round "3.1"]
[White "Sokic, Dragomir"]
[Black "Popchev, Milko"]
[Result "1/2-1/2"]
[WhiteElo "2101"]
[BlackElo "2248"]
[PlyCount "39"]
[EventDate "2021.08.18"]
[EventType "tourn"]
[EventRounds "10"]
[EventCountry "SRB"]
[EventCategory "1"]
[SourceTitle "EXT 2023"]
[Source "ChessBase"]
[SourceDate "2022.10.05"]
[SourceVersion "1"]
[SourceVersionDate "2022.10.05"]
[SourceQuality "1"]

1. e4 e5 2. Nf3 d6 3. d4 Nc6 4. dxe5 Nxe5 5. Nxe5 dxe5 6. Qxd8+ Kxd8 7. Bc4 f6 8. Be3 c6 9. Nd2 Bd6 10. Ke2 Kc7 11. a4 Ne7 12. Rhd1 Bg4+ 13. f3 Bh5 14. g4 Bg6 15. h4 h6 16. h5 Bh7 17. Nf1 Bg8 18. Bxg8 Rhxg8 19. Ng3 a5 20. Rd3 1/2-1/2

[Event "Senta op 23rd"]
[Site "Senta"]
[Date "2019.07.21"]
[Round "4"]
[White "Nagy, Attila N"]
[Black "Sokic, Dragomir"]
[Result "1-0"]
[WhiteElo "2262"]
[BlackElo "2166"]
[PlyCount "93"]
[EventDate "2019.07.19"]
[EventType "swiss"]
[EventRounds "9"]
[EventCountry "SRB"]
[SourceTitle "EXT 2020"]
[Source "ChessBase"]
[SourceDate "2019.10.17"]
[SourceVersion "1"]
[SourceVersionDate "2019.10.17"]
[SourceQuality "1"]

1. Nf3 Nf6 2. g3 g6 3. Bg2 Bg7 4. 0-0 d6 5. d4 Nc6 6. c4 0-0 7. Nc3 e5 8. dxe5 Nxe5 9. Nxe5 dxe5 10. Qb3 c6 11. Be3 Ng4 12. Bc5 Re8 13. Rad1 Qa5 14. Bb4 Qa6 15. Ne4 Be6 16. Rc1 Red8 17. Nc5 Qb6 18. Nxe6 fxe6 19. c5 Qb5 20. Qxe6+ Kh8 21. Bc3 Nh6 22. Bxe5 Re8 23. Bxg7+ Kxg7 24. Qd7+ Nf7 25. Qd4+ Kg8 26. e3 Rad8 27. Qc4 Qxc4 28. Rxc4 Rd2 29. Rb1 Red8 30. f4 Re2 31. Rd4 Rxe3 32. Rxd8+ Nxd8 33. Rd1 Nf7 34. Rd7 Re1+ 35. Kf2 Rc1 36. Bh3 Nh6 37. Be6+ Kh8 38. b4 b6 39. cxb6 axb6 40. g4 Rc2+ 41. Kg3 Re2 42. Bb3 Re4 43. Kh4 Rxf4 44. Kg5 Rxg4+ 45. Kxh6 Rh4+ 46. Kg5 Rh3 47. Rd8+ 1-0

[Event "Belgrade ChessAmateur op 5th"]
[Site "Belgrade"]
[Date "2019.01.05"]
[Round "3"]
[White "Desnica, Vladan"]
[Black "Sokic, Dragomir"]
[Result "1/2-1/2"]
[WhiteElo "2310"]
[BlackElo "2176"]
[PlyCount "27"]
[EventDate "2019.01.04"]
[EventType "swiss"]
[EventRounds "9"]
[EventCountry "SRB"]
[SourceTitle "CBM 188 Extra"]
[Source "ChessBase"]
[SourceDate "2019.02.26"]
[SourceVersion "1"]
[SourceVersionDate "2019.02.26"]
[SourceQuality "1"]

1. b3 c5 2. Bb2 Nc6 3. e3 Nf6 4. f4 d5 5. Bb5 Bg4 6. Nf3 Qb6 7. Bxc6+ Qxc6 8. h3 Bxf3 9. Qxf3 0-0-0 10. d3 e6 11. Nd2 Nd7 12. 0-0 f6 13. e4 Bd6 14. Rae1 1/2-1/2

[Event "Belgrade ChessAmateur op 5th"]
[Site "Belgrade"]
[Date "2019.01.04"]
[Round "1"]
[White "Agibileg, Uurtsaikh"]
[Black "Sokic, Dragomir"]
[Result "1-0"]
[WhiteElo "2324"]
[BlackElo "2176"]
[PlyCount "113"]
[EventDate "2019.01.04"]
[EventType "swiss"]
[EventRounds "9"]
[EventCountry "SRB"]
[SourceTitle "CBM 188 Extra"]
[Source "ChessBase"]
[SourceDate "2019.02.26"]
[SourceVersion "1"]
[SourceVersionDate "2019.02.26"]
[SourceQuality "1"]

1. d4 Nf6 2. c4 e6 3. Nf3 d5 4. Nc3 Be7 5. Bf4 0-0 6. e3 Re8 7. Qc2 Nbd7 8. Bd3 dxc4 9. Bxc4 c5 10. 0-0 Nh5 11. d5 Nxf4 12. exf4 Nb6 13. Rad1 Nxc4 14. dxe6 Nd6 15. exf7+ Kxf7 16. Qxh7 Bf6 17. Qh5+ Kg8 18. Rxd6 Qc7 19. Rxf6 gxf6 20. Nd5 Qf7 21. Nxf6+ Kf8 22. Qxf7+ Kxf7 23. Nxe8 Kxe8 24. Re1+ Kf7 25. g4 a6 26. f5 b5 27. Ne5+ Kf6 28. f4 Ra7 29. Kf2 c4 30. Rd1 Rc7 31. Rd6+ Ke7 32. Rc6 Rxc6 33. Nxc6+ Kd6 34. f6 Be6 35. Nd8 Bxg4 36. Ke3 a5 37. Kd4 Kd7 38. f7 Ke7 39. Kc5 Be2 40. a3 a4 41. h4 Kf8 42. h5 Bxh5 43. Kxb5 Bd1 44. Kxc4 Ke7 45. Kd4 Bc2 46. Ke5 Bd3 47. f5 Bc2 48. Kf4 Kf8 49. Kg5 Kg7 50. f8Q+ Kxf8 51. Kf6 Bd3 52. Ne6+ Kg8 53. Nc5 Bc2 54. Nxa4 Bxa4 55. Ke7 Bc2 56. f6 Bb3 57. a4 1-0

[Event "Novi Sad TS 64th"]
[Site "Novi Sad"]
[Date "2018.02.09"]
[Round "7"]
[White "Sokic, Dragomir"]
[Black "Shao, Wenbin"]
[Result "0-1"]
[WhiteElo "2209"]
[BlackElo "2033"]
[PlyCount "178"]
[EventDate "2018.02.05"]
[EventType "swiss"]
[EventRounds "9"]
[EventCountry "SRB"]
[SourceTitle "CBM 183 Extra"]
[Source "ChessBase"]
[SourceDate "2018.04.19"]
[SourceVersion "1"]
[SourceVersionDate "2018.04.19"]
[SourceQuality "1"]

1. e4 c5 2. b4 cxb4 3. d4 d5 4. exd5 Qxd5 5. Bb2 Nf6 6. c4 bxc3 7. Nxc3 Qa5 8. Bc4 e6 9. Nf3 Be7 10. 0-0 0-0 11. Re1 Nc6 12. Qe2 Qh5 13. Rad1 Rd8 14. Qe3 a6 15. Be2 Qa5 16. Bc4 Nb4 17. Qf4 Nbd5 18. Nxd5 Nxd5 19. Qg3 b5 20. Bb3 Bb7 21. Qh3 Rac8 22. Qg4 Bf6 23. h4 Qb4 24. Ne5 Bxe5 25. Rxe5 Nf6 26. Qf4 Bd5 27. Rd3 Qd6 28. Bd1 Nd7 29. Rg3 Nxe5 30. dxe5 Qf8 31. Ba3 Rc4 32. Bxf8 Rxf4 33. Bxg7 Rd4 34. Bc2 Rc8 35. Bf6+ Kf8 36. Bxh7 Ke8 37. h5 Rc1+ 38. Kh2 Rdd1 39. Rg8+ Kd7 40. Kg3 Rh1 41. Bh4 Bxg2 42. Rd8+ Kc7 43. Rf8 Bd5 44. Rxf7+ Kc8 45. Rf8+ Kd7 46. Rf7+ Ke8 47. Re7+ Kf8 48. Bf6 Rxh5 49. a3 Rhh1 50. Kf4 Rc3 51. Bg6 Rf3+ 52. Kg5 Rg1+ 53. Kh6 Rh3+ 54. Bh5 Bc6 55. Rxe6 Bd7 56. Re7 Bc6 57. Rh7 Rxh5+ 58. Kxh5 Bf3+ 59. Kh4 Rh1+ 60. Kg3 Rxh7 61. Kxf3 Rh3+ 62. Ke4 Rxa3 63. e6 Ra2 64. f4 Re2+ 65. Kd5 b4 66. Kc4 Rxe6 67. Bd8 Re4+ 68. Kb3 Rxf4 69. Bc7 Rg4 70. Bd6+ Ke8 71. Bxb4 Kd7 72. Ka4 Kc6 73. Ka5 Kb7 74. Bd2 Rd4 75. Bc3 Rd5+ 76. Ka4 Kb6 77. Bf6 a5 78. Bc3 Rg5 79. Bd4+ Ka6 80. Bc3 Rg4+ 81. Kb3 Kb5 82. Ka3 Rg3 83. Kb2 a4 84. Bd4 a3+ 85. Ka2 Rf3 86. Bg7 Ka4 87. Bh6 Rf2+ 88. Ka1 Kb3 89. Bc1 Rf1 0-1

[Event "Novi Sad TS 64th"]
[Site "Novi Sad"]
[Date "2018.02.07"]
[Round "5"]
[White "Sokic, Dragomir"]
[Black "Pucovski, Miroslav"]
[Result "1/2-1/2"]
[WhiteElo "2209"]
[BlackElo "2275"]
[PlyCount "56"]
[EventDate "2018.02.05"]
[EventType "swiss"]
[EventRounds "9"]
[EventCountry "SRB"]
[SourceTitle "CBM 183 Extra"]
[Source "ChessBase"]
[SourceDate "2018.04.19"]
[SourceVersion "1"]
[SourceVersionDate "2018.04.19"]
[SourceQuality "1"]

1. e4 c5 2. b4 b6 3. d4 cxd4 4. Nf3 Bb7 5. Bd3 Nf6 6. e5 Nd5 7. Be4 Qc7 8. Qxd4 e6 9. a3 b5 10. 0-0 Be7 11. Bd3 Nc6 12. Qe4 a6 13. Re1 f6 14. Bb2 fxe5 15. Nxe5 Nxe5 16. Bxe5 Bd6 17. Nc3 Bxe5 18. Nxd5 Bxd5 19. Qxe5 Qxe5 20. Rxe5 0-0 21. a4 Bc6 22. g3 bxa4 23. f4 Rab8 24. Rb1 Rb6 25. Ra5 Rfb8 26. c3 Bb5 27. Rd1 d5 28. f5 Rc8 1/2-1/2

[Event "Novi Sad TS 64th"]
[Site "Novi Sad"]
[Date "2018.02.06"]
[Round "2"]
[White "Lajthajm, Borko"]
[Black "Sokic, Dragomir"]
[Result "1-0"]
[WhiteElo "2432"]
[BlackElo "2209"]
[PlyCount "59"]
[EventDate "2018.02.05"]
[EventType "swiss"]
[EventRounds "9"]
[EventCountry "SRB"]
[SourceTitle "CBM 183 Extra"]
[Source "ChessBase"]
[SourceDate "2018.04.19"]
[SourceVersion "1"]
[SourceVersionDate "2018.04.19"]
[SourceQuality "1"]

1. d4 d5 2. c4 e6 3. Nc3 Nf6 4. cxd5 exd5 5. Bg5 Be7 6. e3 0-0 7. Bd3 Nbd7 8. Nge2 Re8 9. Qc2 Nf8 10. Bf4 c6 11. h3 Nh5 12. Be5 Bd6 13. g4 Nf6 14. Bg3 c5 15. Bxd6 Qxd6 16. Nb5 Qd8 17. dxc5 Ne6 18. a3 d4 19. 0-0-0 Bd7 20. exd4 Bc6 21. Rhg1 h6 22. Nd6 Re7 23. Bc4 Bf3 24. Rg3 Bd5 25. Bxd5 Nxd5 26. Qb3 Ndc7 27. Nxb7 Qe8 28. Nd6 Qc6 29. Nc3 Nf4 30. Re3 1-0

[Event "Novi Sad TS 64th"]
[Site "Novi Sad"]
[Date "2018.02.06"]
[Round "3"]
[White "Sokic, Dragomir"]
[Black "Srinath, Rao SV"]
[Result "0-1"]
[WhiteElo "2209"]
[BlackElo "2278"]
[PlyCount "118"]
[EventDate "2018.02.05"]
[EventType "swiss"]
[EventRounds "9"]
[EventCountry "SRB"]
[SourceTitle "CBM 183 Extra"]
[Source "ChessBase"]
[SourceDate "2018.04.19"]
[SourceVersion "1"]
[SourceVersionDate "2018.04.19"]
[SourceQuality "1"]

1. e4 e6 2. c4 d5 3. cxd5 exd5 4. exd5 Nf6 5. Bb5+ Nbd7 6. Nc3 Be7 7. Nge2 0-0 8. 0-0 Nb6 9. Nf4 Nbxd5 10. d4 Nxf4 11. Bxf4 Be6 12. Ba4 c6 13. Bc2 Qd7 14. Qd3 g6 15. Rad1 Bf5 16. Qd2 Bxc2 17. Qxc2 Rfe8 18. Qb3 Rad8 19. Rd2 Qf5 20. Be3 Rd7 21. d5 cxd5 22. Bxa7 Bd6 23. g3 Bc7 24. Bd4 Ng4 25. Qb5 Be5 26. h3 Nf6 27. Kg2 Rde7 28. Qd3 Ne4 29. Nxe4 dxe4 30. Qe3 Rd7 31. Bxe5 Qf3+ 32. Qxf3 exf3+ 33. Kxf3 Rxd2 34. Bc3 Rd3+ 35. Kg2 f5 36. a4 g5 37. a5 f4 38. g4 Kf7 39. Ra1 Re6 40. Ra4 Rh6 41. Rb4 Rdxh3 42. Rxb7+ Ke8 43. Rb8+ Kd7 44. Rf8 Rh2+ 45. Kf3 Re6 46. Bd4 Rh3+ 47. Kg2 Rh4 48. Kf3 h5 49. gxh5 g4+ 50. Kg2 Re4 51. Bc3 f3+ 52. Kg1 Ra4 53. b4 Ra2 54. Rd8+ Ke6 55. Re8+ Kf7 56. Re5 Ra3 57. Bd2 Ra1+ 58. Re1 Ra2 59. Bc3 g3 0-1

[Event "Novi Sad TS 64th"]
[Site "Novi Sad"]
[Date "2018.02.05"]
[Round "1"]
[White "Sokic, Dragomir"]
[Black "Drazic, Sinisa"]
[Result "1/2-1/2"]
[WhiteElo "2209"]
[BlackElo "2411"]
[PlyCount "89"]
[EventDate "2018.02.05"]
[EventType "swiss"]
[EventRounds "9"]
[EventCountry "SRB"]
[SourceTitle "CBM 183 Extra"]
[Source "ChessBase"]
[SourceDate "2018.04.19"]
[SourceVersion "1"]
[SourceVersionDate "2018.04.19"]
[SourceQuality "1"]

1. e4 d6 2. d4 Nf6 3. Nc3 a6 4. Nf3 b5 5. e5 dxe5 6. dxe5 Qxd1+ 7. Kxd1 Ng4 8. Ke1 Nc6 9. Nd5 Ra7 10. Bf4 e6 11. Ne3 Nxe3 12. Bxe3 Ra8 13. Bd3 Bb7 14. Be4 Rd8 15. Nd4 Na5 16. Bxb7 Nxb7 17. Nc6 Rd5 18. a4 b4 19. c4 bxc3 20. bxc3 Na5 21. Nxa5 Rxa5 22. f4 g5 23. g3 Bc5 24. Bd2 Bb6 25. c4 gxf4 26. Bxa5 Bxa5+ 27. Ke2 fxg3 28. hxg3 Bc3 29. Rab1 Kd7 30. Rh5 a5 31. Rd1+ Kc6 32. Rf1 Rg8 33. Rf3 Bd4 34. Kd3 Kc5 35. Rxh7 Bxe5 36. Rhxf7 Bxg3 37. Re3 Kb4 38. Rxe6 Rd8+ 39. Kc2 Rd4 40. Rc6 Kxa4 41. Rcxc7 Bxc7 42. Rxc7 Kb4 43. c5 a4 44. Rb7+ Kxc5 45. Kb2 1/2-1/2

[Event "Belgrade Trophy 31st"]
[Site "Belgrade"]
[Date "2017.11.30"]
[Round "7"]
[White "Sokic, Dragomir"]
[Black "Popchev, Milko"]
[Result "0-1"]
[WhiteElo "2179"]
[BlackElo "2316"]
[PlyCount "109"]
[EventDate "2017.11.24"]
[EventType "swiss"]
[EventRounds "9"]
[EventCountry "SRB"]
[SourceTitle "CBM 181 Extra"]
[Source "ChessBase"]
[SourceDate "2017.12.12"]
[SourceVersion "1"]
[SourceVersionDate "2017.12.12"]
[SourceQuality "1"]

1. e4 d6 2. d4 e5 3. Nc3 exd4 4. Qxd4 Nc6 5. Qe3 g6 6. Bd2 Bg7 7. 0-0-0 Nf6 8. Nge2 0-0 9. Nf4 Ne5 10. h4 c6 11. h5 b5 12. hxg6 fxg6 13. f3 Qe7 14. Kb1 a6 15. Qg1 Nf7 16. Qh2 Qe5 17. g3 Bb7 18. Ncd5 cxd5 19. Bc3 Qxc3 20. bxc3 dxe4 21. fxe4 Ng5 22. Bg2 Rf7 23. Nd5 Nfxe4 24. Bxe4 Nxe4 25. Qxh7+ Kf8 26. Kc1 Bxd5 27. Rxd5 Nxc3 28. Rd3 Nxa2+ 29. Kd1 Nc3+ 30. Kc1 b4 31. Qxg6 d5 32. Qd6+ Kg8 33. Rxc3 bxc3 34. Qxd5 Re8 35. g4 Re5 36. Qc4 Bf6 37. Kb1 Rb5+ 38. Ka1 Ra5+ 39. Kb1 Rb5+ 40. Ka2 Ra5+ 41. Kb3 Rb5+ 42. Ka4 Rg5 43. Qe6 Re5 44. Qc8+ Rf8 45. Qc4+ Kg7 46. Qd3 Rh8 47. Rb1 Rhe8 48. Rb4 R8e7 49. Rc4 Re1 50. Rc6 Ra1+ 51. Kb3 Rb7+ 52. Kc4 Ra4+ 53. Kc5 Rb5+ 54. Kd6 Rd4+ 55. Kc7 0-1

[Event "Belgrade Trophy 31st"]
[Site "Belgrade"]
[Date "2017.11.29"]
[Round "6"]
[White "Hart, Alexander E"]
[Black "Sokic, Dragomir"]
[Result "0-1"]
[WhiteElo "1922"]
[BlackElo "2179"]
[PlyCount "72"]
[EventDate "2017.11.24"]
[EventType "swiss"]
[EventRounds "9"]
[EventCountry "SRB"]
[SourceTitle "CBM 181 Extra"]
[Source "ChessBase"]
[SourceDate "2017.12.12"]
[SourceVersion "1"]
[SourceVersionDate "2017.12.12"]
[SourceQuality "1"]

1. d4 d5 2. c4 e6 3. g3 Nf6 4. Nf3 Be7 5. Bg2 0-0 6. 0-0 Nbd7 7. Qc2 Nb6 8. c5 Nbd7 9. b4 Re8 10. a4 Bf8 11. Nc3 c6 12. Rd1 Qe7 13. Bf4 Nh5 14. Bd6 Qd8 15. Bxf8 Nxf8 16. e4 Nf6 17. e5 N6d7 18. b5 f6 19. a5 fxe5 20. bxc6 bxc6 21. Qa4 Qc7 22. dxe5 Nxc5 23. Qc2 Ba6 24. Na4 Nxa4 25. Rxa4 c5 26. Nh4 Rac8 27. f4 c4 28. f5 Qxe5 29. fxe6 d4 30. Kh1 d3 31. Qf2 Qxe6 32. Raa1 c3 33. Re1 Qxe1+ 34. Rxe1 Rxe1+ 35. Qxe1 d2 36. Bd5+ Kh8 0-1

[Event "Vojvodina-ch 4th"]
[Site "Novi Sad"]
[Date "2013.07.04"]
[Round "9"]
[White "Mastrapovic, Vladimir"]
[Black "Sokic, Dragomir"]
[Result "0-1"]
[WhiteElo "2298"]
[BlackElo "2178"]
[PlyCount "34"]
[EventDate "2013.06.28"]
[EventType "swiss"]
[EventRounds "9"]
[EventCountry "SRB"]
[SourceTitle "CBM 155 Extra"]
[Source "ChessBase"]
[SourceDate "2013.08.26"]
[SourceVersion "1"]
[SourceVersionDate "2013.08.26"]
[SourceQuality "1"]

1. e4 e5 2. f4 exf4 3. Nf3 g5 4. Bc4 Bg7 5. d4 h6 6. 0-0 d6 7. c3 Ne7 8. g3 Ng6 9. Ne1 Bh3 10. Rf2 0-0 11. Qh5 Qd7 12. Qxg6 Kh8 13. Bxf7 Rxf7 14. e5 dxe5 15. dxe5 Nc6 16. gxf4 Nxe5 17. fxe5 Qg4+ 0-1

[Event "Backa Topola-ch"]
[Site "Backa Topola"]
[Date "2012.12.05"]
[Round "8"]
[White "Sokic, Dragomir"]
[Black "Raonic, Vladica"]
[Result "1-0"]
[WhiteElo "2123"]
[BlackElo "1940"]
[PlyCount "41"]
[EventDate "2012.11.19"]
[EventType "swiss"]
[EventRounds "9"]
[EventCountry "SRB"]
[SourceTitle "EXT 2014"]
[Source "ChessBase"]
[SourceDate "2013.11.20"]
[SourceVersion "1"]
[SourceVersionDate "2013.11.20"]
[SourceQuality "1"]

1. e4 e5 2. d4 exd4 3. Qxd4 Nc6 4. Qe3 d6 5. Nc3 Nf6 6. Bd2 Be6 7. f4 Qe7 8. Bb5 Bd7 9. 0-0-0 a6 10. Ba4 g6 11. h3 Bg7 12. Nf3 b5 13. Bb3 Na5 14. e5 Nxb3+ 15. axb3 dxe5 16. fxe5 Ng8 17. Nd5 Qd8 18. Nf6+ Kf8 19. Nxd7+ Qxd7 20. Bb4+ Ke8 21. Rxd7 1-0

[Event "Backa Topola-ch"]
[Site "Backa Topola"]
[Date "2012.11.30"]
[Round "6"]
[White "Tomik, Lajos"]
[Black "Sokic, Dragomir"]
[Result "0-1"]
[WhiteElo "2076"]
[BlackElo "2123"]
[PlyCount "92"]
[EventDate "2012.11.19"]
[EventType "swiss"]
[EventRounds "9"]
[EventCountry "SRB"]
[SourceTitle "EXT 2014"]
[Source "ChessBase"]
[SourceDate "2013.11.20"]
[SourceVersion "1"]
[SourceVersionDate "2013.11.20"]
[SourceQuality "1"]

1. d4 e6 2. c4 d5 3. Nc3 Be7 4. Nf3 Nf6 5. e3 0-0 6. Ne5 c6 7. Bd3 Re8 8. 0-0 Nbd7 9. f4 Nf8 10. Bd2 c5 11. Ne2 cxd4 12. Nxd4 Bc5 13. Bc3 dxc4 14. Bxc4 Ne4 15. Qf3 Nxc3 16. bxc3 f6 17. Nd3 Bb6 18. Bb3 Kh8 19. Rad1 a6 20. h3 Qc7 21. c4 Bd7 22. Qf2 Rad8 23. Rfe1 Ng6 24. Kh1 e5 25. c5 Ba5 26. f5 Bxe1 27. Nxe1 exd4 28. fxg6 dxe3 29. Qh4 h6 30. Bf7 Bc6 31. Rd6 Re5 32. Qd4 Rxd6 33. cxd6 Qd7 34. Kh2 Bd5 35. Nd3 Rg5 36. Nf4 Qxd6 37. g3 e2 38. Nxe2 Qe5 39. Qd1 Bxf7 40. gxf7 Qe7 41. Nf4 Qxf7 42. Qd8+ Qg8 43. Qd2 Rc5 44. h4 Qc8 45. Ng6+ Kh7 46. Qd3 Rc2+ 0-1

[Event "Backa Topola-ch"]
[Site "Backa Topola"]
[Date "2012.11.28"]
[Round "5"]
[White "Sokic, Dragomir"]
[Black "Vlahovic, Ljubo"]
[Result "1/2-1/2"]
[WhiteElo "2123"]
[BlackElo "1785"]
[PlyCount "225"]
[EventDate "2012.11.19"]
[EventType "swiss"]
[EventRounds "9"]
[EventCountry "SRB"]
[SourceTitle "EXT 2014"]
[Source "ChessBase"]
[SourceDate "2013.11.20"]
[SourceVersion "1"]
[SourceVersionDate "2013.11.20"]
[SourceQuality "1"]

1. c4 Nf6 2. d4 d5 3. cxd5 Qxd5 4. Nc3 Qd8 5. Nf3 Nc6 6. Bg5 Bg4 7. d5 Bxf3 8. exf3 Ne5 9. Qd4 Ned7 10. Bb5 a6 11. Ba4 b5 12. Bb3 g6 13. 0-0 Bg7 14. Rfe1 0-0 15. a4 bxa4 16. Qxa4 Nc5 17. Qa3 Nxb3 18. Qxb3 Qd6 19. g3 Rfe8 20. Qc4 Reb8 21. Bf4 Qb4 22. Qxc7 Rc8 23. Qxe7 Qxb2 24. Be5 Rxc3 25. Bxf6 Bxf6 26. Qxf6 Rc2 27. Rxa6 Qxf6 28. Rxf6 Raa2 29. Rf1 Rd2 30. Rd6 Kf8 31. h4 Ke7 32. Rb6 Rxd5 33. f4 Rdd2 34. h5 Re2 35. Kg2 Re6 36. Rb7+ Kf6 37. Rb8 Ra5 38. h6 g5 39. Rh8 gxf4 40. Rxh7 Kg6 41. Rg7+ Kxh6 42. Rxf7 fxg3 43. fxg3 Kg6 44. R7f4 Re2+ 45. Kf3 Rae5 46. Rb1 Kg5 47. Rb3 Re1 48. Rg4+ Kf5 49. Rh4 Kg5 50. Rh8 Rf1+ 51. Kg2 Rf6 52. Rb2 Ref5 53. Rh4 Rh6 54. Rc4 Rhf6 55. Rd2 Rf7 56. Rh4 R7f6 57. Rdd4 Rf2+ 58. Kh3 R6f5 59. Rdg4+ Kf6 60. Rh6+ Kf7 61. Rh7+ Kf6 62. Rg8 Re2 63. Rb7 Re6 64. Rbb8 Rh5+ 65. Kg4 Rh7 66. Kf4 Rg7 67. Rh8 Kg6 68. Rb5 Rf7+ 69. Kg4 Re4+ 70. Kh3 Rh7+ 71. Rxh7 Kxh7 72. Rg5 Kh6 73. Rb5 Rc4 74. g4 Rc1 75. Rb3 Kg5 76. Rb5+ Kg6 77. Kg3 Rf1 78. Rb8 Rf7 79. Rb6+ Rf6 80. Rb1 Rf7 81. Rc1 Kg5 82. Rb1 Rf8 83. Rb5+ Kg6 84. Rh5 Rf1 85. Rh8 Rf7 86. Kh4 Rf4 87. Rg8+ Kh6 88. Rc8 Rd4 89. Rc6+ Kg7 90. Kh5 Rd1 91. Rc7+ Kg8 92. Rc5 Kg7 93. Kg5 Rd7 94. Re5 Rc7 95. Kh5 Rc1 96. Rg5+ Kh7 97. Rb5 Rc7 98. Re5 Rg7 99. Re6 Rc7 100. Re5 Rg7 101. Re6 Rc7 102. Kg5 Kg7 103. Rg6+ Kh7 104. Kh5 Rc5+ 105. g5 Rc1 106. Rd6 Rh1+ 107. Kg4 Rf1 108. Re6 Kg7 109. Re4 Kg6 110. Re6+ Kg7 111. Rd6 Kh7 112. Rd3 Kg6 113. Kh4 1/2-1/2

[Event "Backa Topola-ch"]
[Site "Backa Topola"]
[Date "2012.11.23"]
[Round "3"]
[White "Sokic, Dragomir"]
[Black "Vranic, Ljubomir"]
[Result "1-0"]
[WhiteElo "2123"]
[BlackElo "2196"]
[PlyCount "73"]
[EventDate "2012.11.19"]
[EventType "swiss"]
[EventRounds "9"]
[EventCountry "SRB"]
[SourceTitle "EXT 2014"]
[Source "ChessBase"]
[SourceDate "2013.11.20"]
[SourceVersion "1"]
[SourceVersionDate "2013.11.20"]
[SourceQuality "1"]

1. c4 e5 2. Nc3 Nf6 3. e3 d6 4. g3 c6 5. Bg2 Be6 6. d3 d5 7. cxd5 Nxd5 8. Nge2 Nb4 9. d4 exd4 10. Nxd4 Bc4 11. Be4 Bc5 12. a3 Nd5 13. Nce2 Nf6 14. Bg2 Nbd7 15. b4 Bb6 16. Bb2 0-0 17. 0-0 Re8 18. Re1 Ne5 19. Qc2 Bd3 20. Qd1 Be4 21. f3 Bd5 22. Bc3 Bc4 23. e4 a5 24. Kh1 axb4 25. axb4 Nd3 26. Rf1 Qe7 27. Nf5 Qd8 28. Rxa8 Qxa8 29. Be1 Rd8 30. Qc2 Qa6 31. h3 Ne8 32. Kh2 g6 33. Nh6+ Kg7 34. Ng4 h5 35. Bc3+ f6 36. b5 Bxb5 37. Ra1 1-0

[Event "Vojvodina-ch 3rd"]
[Site "Novi Sad"]
[Date "2012.06.30"]
[Round "3"]
[White "Stone, Andrew"]
[Black "Sokic, Dragomir"]
[Result "1/2-1/2"]
[WhiteElo "2233"]
[BlackElo "2020"]
[PlyCount "120"]
[EventDate "2012.06.29"]
[EventType "swiss"]
[EventRounds "9"]
[EventCountry "SRB"]
[SourceTitle "CBM 149 Extra"]
[Source "ChessBase"]
[SourceDate "2012.08.24"]
[SourceVersion "1"]
[SourceVersionDate "2012.08.24"]
[SourceQuality "1"]

1. c4 Nf6 2. g3 e6 3. Bg2 d5 4. Nf3 c6 5. b3 Nbd7 6. Bb2 Bd6 7. d4 0-0 8. 0-0 Re8 9. Nbd2 e5 10. dxe5 Nxe5 11. cxd5 Nxd5 12. a3 Bg4 13. Re1 Qe7 14. h3 Bh5 15. e4 Nb6 16. Qc2 Rad8 17. Nd4 Qc7 18. f4 Ng6 19. e5 Bf8 20. Ne4 h6 21. Nf5 Ne7 22. Nfd6 Bg6 23. Nxe8 Rxe8 24. g4 Bxe4 25. Qxe4 Nbd5 26. Bd4 Rd8 27. Kh1 c5 28. Bf2 b6 29. Rac1 Qb8 30. Bh4 Re8 31. f5 Nc7 32. Bg3 Qc8 33. Qc4 Rd8 34. Rcd1 Rd7 35. e6 fxe6 36. Rxd7 Qxd7 37. Bxc7 Qxc7 38. Qxe6+ Kh7 39. f6 Ng8 40. f7 Nf6 41. Qf5+ Kh8 42. Qe6 Qg3 43. Rd1 Qf4 44. Qe8 Nh7 45. Rf1 Qg3 46. Rf3 Qd6 47. Re3 g6 48. Qe5+ Qxe5 49. Rxe5 Kg7 50. Re8 c4 51. bxc4 Bxa3 52. Ra8 a5 53. Bd5 Be7 54. Kg2 Kf6 55. Kf3 Ng5+ 56. Ke2 Nxf7 57. Bxf7 Kxf7 58. Kf3 Kf6 59. Ke4 Kg5 60. Kf3 Bc5 1/2-1/2

[Event "Backa Topola-ch"]
[Site "Backa Topola"]
[Date "2011.11.21"]
[Round "5"]
[White "Kosa, Jeno"]
[Black "Sokic, Dragomir"]
[Result "1/2-1/2"]
[WhiteElo "2105"]
[BlackElo "1983"]
[PlyCount "39"]
[EventDate "2011.11.11"]
[EventType "swiss"]
[EventRounds "9"]
[EventCountry "SRB"]
[SourceTitle "CBM 145 Extra"]
[Source "ChessBase"]
[SourceDate "2012.01.03"]
[SourceVersion "1"]
[SourceVersionDate "2012.01.03"]
[SourceQuality "1"]

1. d4 Nf6 2. c4 g6 3. Nc3 Bg7 4. Nf3 0-0 5. Bf4 d5 6. e3 c6 7. Be2 dxc4 8. Bxc4 Nbd7 9. 0-0 Nb6 10. Be2 Be6 11. Ng5 Bc4 12. Bxc4 Nxc4 13. Qe2 Nb6 14. h3 Nbd5 15. Be5 Rc8 16. Nxd5 cxd5 17. Qb5 Qd7 18. Qxd7 Nxd7 19. Bxg7 Kxg7 20. Rfc1 1/2-1/2

[Event "SRB-Cup"]
[Site "Valjevo"]
[Date "2011.05.21"]
[Round "6.1"]
[White "Sokic, Dragomir"]
[Black "Mladenovic, Sasa D"]
[Result "0-1"]
[WhiteElo "1961"]
[BlackElo "2150"]
[PlyCount "94"]
[EventDate "2011.05.16"]
[EventType "team-swiss"]
[EventRounds "7"]
[EventCountry "YUG"]
[SourceTitle "CBM 142 Extra"]
[Source "ChessBase"]
[SourceDate "2011.06.27"]
[SourceVersion "1"]
[SourceVersionDate "2011.06.27"]
[SourceQuality "1"]
[WhiteTeam "Sivac"]
[BlackTeam "Valjevo Krusik"]
[WhiteTeamCountry "SRB"]
[BlackTeamCountry "SRB"]

1. e4 e6 2. d4 d5 3. Nd2 Nc6 4. Ngf3 Nf6 5. e5 Nd7 6. c3 f6 7. exf6 Qxf6 8. Nb3 Bd6 9. Bg5 Qf7 10. Bb5 0-0 11. 0-0 e5 12. Bxc6 bxc6 13. dxe5 Nxe5 14. Nxe5 Bxe5 15. Bh4 Bd7 16. Bg3 Bxg3 17. hxg3 Rae8 18. Nc5 Re5 19. Qd4 Rh5 20. Nxd7 Qxd7 21. Qxa7 Qe6 22. Qe3 Re5 23. Qd4 Re8 24. a4 Rh5 25. Qf4 g5 26. Qd2 Qh6 27. f3 Rh1+ 28. Kf2 Rh2 29. a5 g4 30. Qxh6 Rxh6 31. fxg4 Rf6+ 32. Kg1 Rfe6 33. a6 Ra8 34. a7 Kg7 35. Rf4 c5 36. Ra5 c6 37. Rfa4 c4 38. Rb4 Re7 39. Ra6 Rc7 40. Rba4 Kf6 41. Kf2 Ke5 42. Kf3 Rf7+ 43. Ke3 Rc7 44. R6a5 Kd6 45. g5 Rb7 46. Ra2 Re7+ 47. Kf4 Re4+ 0-1